Mi libro (2ª Parte).

Gespeichert in:
Bibliographische Detailangaben
1. Verfasser: Fenellosa Martínez, Joaquín. Autor, Profesor Numerario de la Escuela Normal
Format: keine Angabe
Sprache:Spanisch
Erschienen: Valencia Tip. Badía 1934
Katalog:MANES:  Suchergebnis im Bibliothekskatalog
Schulbuchspezifische Eigenschaften:
Tags: Tag hinzufügen
Keine Tags, Fügen Sie den ersten Tag hinzu!
Hinzugefügt zu:26.04.2016

MARC

LEADER 000000000a22000000004500
001 10696
003 OSt
008 160427s sp ||||| |||| 00| 0 spa d
040 |c centro_manes 
041 1 |a spa 
691 7 |a PRI 
100 1 |a Fenellosa Martínez, Joaquín. Autor, Profesor Numerario de la Escuela Normal  |9 6086 
245 0 0 |a Mi libro (2ª Parte). 
260 3 |a Valencia  |b Tip. Badía  |c 1934 
300 |a 112 p.  |c 18,5 x 13,5 cm 
500 |a Encuadernado en Rústica. 
690 0 |a EyL 
942 |2 ddc  |c BK 
546 |a España 
999 |c 16670  |d 16670 
999 |c manes:16670  |d 16670